000 00259nam a2200109Ia 4500
008 190914s9999||||xx |||||||||||||| ||und||
100 _ajenny Chapman
245 0 _aDigital Multimedia
260 _aLondon
_bWorld Scientific
_c2002
300 _a624
942 _cBK
999 _c8549
_d8549